000 01010nam a2200289 u 4500
001 000020343
003 OSt
005 20240412074249.0
008 100813s2015 dr 000 p spa d
020 _a9789945404999
040 _aDO-SdBNP
_bspa
_cBNPHU
082 _aRD868.5
_bV872y
245 0 0 _aVoces del Yuna :
_bantología /
_ccompiladora Reyna Celeste García ; prólogo Diómedes Núñez Polanco.
260 _aSanto Domingo :
_bMinisterio de Cultura,
_c2015.
300 _a127 p. ;
_c23 cm.
490 1 _aProyectos culturales
500 _aIncluye datos biográficos de la autora en la solapa de la portada.
590 _aInventariado, 2020/ YL
650 0 _aPoesía dominicana
_966
650 0 _aCuentos dominicanos
_9176
650 0 _aLiteratura dominicana.
_967
700 1 _aGarcía, Reyna Celeste,
_ecomp.
_942993
700 1 _aNuñez Polanco, Diómedes
_d1952-
_epról.
_983559
830 0 _aProyectos culturales
_942970
910 _aValidado. Control de calidad MFF
942 _2ddc
_cLBS1
999 _c19847
_d19847